000 00544nam a2200193Ia 4500
003 PILC
005 20150907152641.0
008 140527s9999 xx 000 0 und d
020 _a9781259073380
050 _aP 90
_b.G875 2013
100 _aGriffin, Em.
245 2 _aA first look at communication theory /
_cEm Griffin
250 _a8th edition.
260 _aNew York :
_bMcGraw-Hill,
_c2013.
300 _a486 pages :
_billustrations ;
_c26 cm.
500 _aIncludes appendices and index.
942 _kFOR
_cBK
_2lcc
999 _c117429
_d117429